000 01135nam a2200301 a 4500
001 ebr10318671
003 CaPaEBR
006 m u
007 cr cn|||||||||
008 091012s2009 ii a sb 001 0 eng d
020 _z9788122422146
020 _z9788122428605
040 _aCaPaEBR
_cCaPaEBR
035 _a(OCoLC)646815098
050 1 4 _aHB201
_b.M36 2009eb
100 1 _aIyer, S. S.
245 1 0 _aManaging for value
_h[electronic resource] /
_cS.S. Iyer.
250 _a3rd ed.
260 _aNew Delhi :
_bNew Age International (P) Ltd., Publishers,
_cc2009.
300 _axviii, 234 p. :
_bill.
504 _aIncludes bibliographical references (p. [231]-232) and index.
533 _aElectronic reproduction.
_bPalo Alto, Calif. :
_cebrary,
_d2009.
_nAvailable via World Wide Web.
_nAccess may be limited to ebrary affiliated libraries.
650 0 _aValue.
650 0 _aValue analysis (Cost control)
655 7 _aElectronic books.
_2local
710 2 _aebrary, Inc.
856 4 0 _uhttp://site.ebrary.com/lib/rucke/Doc?id=10318671
_zAn electronic book accessible through the World Wide Web; click to view
999 _c174007
_d174007